Como defendí malvinas /
Guardado en:
| Autor Principal: | |
|---|---|
| Formato: | Libro |
| Publicado: |
Buenos Aires :
El Ateneo,
1950
|
| Materias: | |
| Etiquetas: |
Agregar Etiqueta
Sin Etiquetas, Sea el primero en etiquetar este registro!
|
| LEADER | 00542nam a22001935a 4500 | ||
|---|---|---|---|
| 001 | CEM.cems010026 | ||
| 005 | 20080626105006.0 | ||
| 008 | 130507s1950##################000#0#####d | ||
| 003 | CEMS | ||
| 082 | 0 | 4 | |a 997.11 |
| 100 | 1 | |a Corominas, Enrique V. | |
| 245 | 1 | 0 | |a Como defendí malvinas / |c Enrique V. Corominas |
| 260 | |a Buenos Aires : |b El Ateneo, |c 1950 | ||
| 300 | |a 249 p. | ||
| 653 | |a Historia | ||
| 653 | |a Historia argentina | ||
| 653 | |a Malvinas | ||
| 653 | |a Malvinas-historia | ||
| 859 | |a CEMS |b BIB. CEMS - 11 de abril |h 997.11 |i C816 |p 9334.81 |t Ej.1 | ||
